00620pam a2200205 a 4500008004100000020002200041100002800063245007500091250001200166260003100178300003300209504004100242500002000283650002700303650003300330700002400363003000100387005001700388040000900405  a0471510009 (hbk.)1 aBartle, Robert Gardner.10aIntroduction to real analysis /cRobert G. Bartle, Donald R. Sherbert. a2nd ed. aNew York :bWiley,cc1992. axi, 404 p. :bill. ;c24 cm. aIncludes bibliographical references. aIncludes index. 0aMathematical analysis. 0aFunctions of real variables.1 aSherbert, Donald R.20230123134158.0 cNUST